000 01143nas a2200313 4500
001 BR2013009449
003 BR-BrBNA
005 20231205123330.0
007 ta
008 230509b bl.|||p| |||| 00| 00por d
040 _aBR-BrBNA
_bpor
_cBiblioteca Nacional de Agricultura
041 _a(En)
072 _aF03
100 1 _aMartins, C.C.
100 1 _aMachado, C.G.
100 1 _aNakagawa, J.
245 1 _aHistochemical aspects of reserves mobilization of Caesalpinia peltophoroides (Leguminosae)seeds during germination and seedlings early growth
246 1 _aHistochemical aspects of reserves mobilization of Caesalpinia peltophoroides (Leguminosae)seeds during germination and seedlings early growth
650 _aSEMENTE
650 _aLEGUMINOSAE
650 _aGERMINAÇÃO
650 _aCRESCIMENTO
650 _aHISTOQUÍMICA
650 _a
773 0 _tRevista Árvore (Brazil)
_xISSN 0100-6762
_g(Jul-aug 2008), v. 32(4) p. 641-650
_wBR2013009449
856 4 _uhttp://www.scielo.br/pdf/rarv/v32n4/a05v32n4.pdf
_yRecurso eletrônico (PDF)
909 _a202311
_bLúcia
_c55
_dLúcia Elande
942 _2AGRIS
_n0
_cANA
999 _c233365
_d233365